Los descubrimientos del globo / (Record no. 167278)

MARC details
000 -LEADER
campo de control de longitud fija 00963nam a22002415i 4500
001 - NÚMERO DE CONTROL
campo de control 167278
003 - IDENTIFICADOR DE NÚMERO DE CONTROL
campo de control ES-MaACL
005 - FECHA Y HORA DE LA ÚLTIMA TRANSACCIÓN
campo de control 20250909175452.0
008 - DATOS DE LONGITUD FIJA--INFORMACIÓN GENERAL
campo de control de longitud fija 981002q18701900sp a |||| | spa d
040 ## - FUENTE DE CATALOGACIÓN
Centro catalogador/agencia de origen GA
Lengua de catalogación spa
Centro/agencia transcriptor CCPB | 3D
080 ## - NÚMERO DE LA CLASIFICACIÓN DECIMAL UNIVERSAL
Número de la Clasificación Decimal Universal 821.133.1-31"18"
100 1# - ENTRADA PRINCIPAL--NOMBRE DE PERSONA
Nombre de persona Verne, Jules,
Fechas asociadas al nombre 1828-1905
9 (RLIN) 188654
245 14 - MENCIÓN DEL TÍTULO
Título Los descubrimientos del globo /
Mención de responsabilidad, etc. obra escrita en francés por Julio Verne ; versión española.
250 ## - MENCION DE EDICION
Mención de edición Ed. ilustrada con grab.
260 ## - PUBLICACIÓN, DISTRIBUCIÓN, ETC.
Lugar de publicación, distribución, etc. Madrid :
Nombre del editor, distribuidor, etc. Sáenz de Jubera, Hermanos,
Fecha de publicación, distribución, etc. [18-?] (
Fabricante Sucesores de Rivadeneyra)
300 ## - DESCRIPCIÓN FÍSICA
Extensión 4 v. :
Otras características físicas il. ;
Dimensiones 28 cm.
594 #1 - Nota al título y mención de responsabilidad
Nota al título y mención de responsabilidad Trad. del t. 3 : N. Fernández Cuesta.
596 #1 - NOTA AL PIE DE IMPRENTA
NOTA AL PIE DE IMPRENTA Sáenz de Jubera, Hermanos, ejercen ca. 1870-1925.
597 #1 - NOTA DE DESCRIPCIÓN FÍSICA
NOTA DE DESCRIPCIÓN FÍSICA Texto a dos col.
700 1# - ENTRADA AGREGADA--NOMBRE PERSONAL
Nombre de persona Fernández Cuesta, Nemesio,
Fechas asociadas al nombre 1818-1893
9 (RLIN) 49614
852 ## - LOCALIZACIÓN
Ubicación ES-MaACL
Número de control de estantería B-12391(4-7)
Nota libre -- Enc. ed. en tela con planchas polícromas
Encuadernación -- Edic.: corregir T300 son 4 v.
Holdings
Estatus retirado Estado de pérdida Estado de daño No para préstamo Biblioteca de origen Biblioteca actual Ubicación en estantería Fecha de adquisición Fuente de adquisición Total de préstamos Signatura topográfica completa Código de barras Visto por última vez Precio de reemplazo Tipo de ítem Koha
        Biblioteca del Ateneo de Madrid Biblioteca del Ateneo de Madrid Sala Pardo Bazán 17/01/2008     B-12391(4-7) 1175477 23/02/2023 23/02/2023 Libro impreso antiguo